| 000 | 00893cam a2200241 a 4500 | ||
|---|---|---|---|
| 001 | 2486911 | ||
| 005 | 20170105102420.0 | ||
| 008 | 910528s1991 cau b 001 0 eng | ||
| 010 | _a 91020111 | ||
| 020 |
_a0931432820 (alk. paper) : _c$16.95 |
||
| 040 |
_aDLC _cDLC _dDLC _dOCoLC _dDLC |
||
| 050 | 0 | 0 |
_aRM666.A68 _bW67 1991 |
| 082 | 0 | 0 |
_a615/.321 _220 |
| 100 | 1 |
_aWorwood, Valerie Ann, _d1945- |
|
| 245 | 1 | 4 |
_aThe complete book of essential oils and aromatherapy _cby Valerie Ann Wordwood. |
| 260 |
_aSan Rafael, Calif. : _bNew World Library, _cc1991. |
||
| 300 |
_axvii, 423 p. ; _c23 cm. |
||
| 504 | _aIncludes bibliographical references (p. 414) and index. | ||
| 650 | 0 | _aAromatherapy. | |
| 906 |
_a7 _bcbc _corignew _d1 _eocip _f19 _gy-gencatlg |
||
| 942 |
_2ddc _cBK |
||
| 999 |
_c13402 _d13402 |
||